header

The sciences good study guide (Record no. 22952)

MARC details
000 -LEADER
fixed length control field 01184nam a2200313 a 4500
245 04 - TITLE STATEMENT
Title The sciences good study guide
260 ## - PUBLICATION, DISTRIBUTION, ETC. (IMPRINT)
Place of publication Milton Keynes :
Name of publisher Open University,
Year of publication 2002.
300 ## - PHYSICAL DESCRIPTION
Number of Pages vi, 410 p. :
Other physical details ill.
500 ## - GENERAL NOTE
General note First published 1997.
General note Reprinted 1997, 1998, 2000, 2002.
650 #0 - SUBJECT ADDED ENTRY--TOPICAL TERM
Topical Term Science.
700 1# - ADDED ENTRY--PERSONAL NAME
Personal name Northedge, Andrew.
856 40 - ELECTRONIC LOCATION AND ACCESS
Uniform Resource Identifier http://site.ebrary.com/lib/rucke/Doc?id=10697059

No items available.

© 2026 Rongo University
Contact us: librarian | system librarian | Rongo university